000 00720nam a2200205 i 4500
001 132304
003 ES-MaACL
005 20250911063551.0
007 t|
008 070214s1935 ag r |||| |dspa d
100 0 _aRomero, Francisco,
_d1891-1962
_999324
245 1 0 _aPalabras a D. Manuel García Morente en la comida con que lo festejó el Pen Club de Buenos Aires la noche del 15 de septiembre de 1934 /
_cFrancisco Romero.
260 _aBuenos Aires :
_b[s. n.],
_c1935.
300 _a15 p. ;
_c23 cm.
600 1 4 _aGarcía Morente, Manuel,
_d1886-1942
_955002
710 2 _aPen Club (Buenos Aires)
_96203
852 _aES-MaACL
_j1805-F-1
852 _aES-MaACL
_j1820-F-12
999 _c132304
_d132304